000 00784nam a2200241 i 4500
001 21552
003 ES-MaACL
005 20260525062924.0
007 t|
008 021126s1985 sp ||||1| spa d
020 _a84-239-1657-X
100 1 _aAlberti, Rafael,
_d1902-1999
_9240174
245 1 0 _a13 bandas y 48 estrellas /
_cRafael Alberti ; estudio preliminar de Aurora de Albornoz.
250 _aEd. anotada por el autor.
260 _aMadrid :
_bEspasa-Calpe,
_c1985.
300 _a126 p. ;
_c17 cm.
490 1 _aColección austral ;
_v1657
700 0 _aAlbornoz, Aurora de,
_d1926-1990
_919411
740 0 _aTrece bandas y cuarenta y ocho estrellas.
830 0 _aColección austral
_v1657
_9177655
852 _aES-MaACL
_jL-9319
_bR.110913
999 _c21552
_d21552